000 01235nam a2200337 4500
001 14145257
005 20150429124429.0
007 000
008 000
010 _a 2005936003
020 _a0495111538
020 _a0495220019 (1pass access code)
040 _aUOEL
_cDLC
_dDLC
050 0 0 _aQA301
_b.G67 2007
100 1 _aGordon, Warren B.
245 1 0 _aSucceeding in applied calculus /
_cWarren B. Gordon.
246 3 0 _aApplied calculus
246 0 _iSubtitle on cover:
_aAlgebra essentials
250 _a2nd ed.
260 _aBelmont, CA:
_bThomson Brooks/Cole,
_cc2007.
300 _ax, 225 p. :
_bill. ;
_c24 cm.
500 _aIncludes index.
650 0 _aAlgebra.
_xMathematics
650 0 _aAlgebra
_vProblems, exercises, etc.
_xMathematics
856 4 1 _3Table of contents only
_uhttp://www.loc.gov/catdir/toc/fy0704/2005936003.html
856 4 2 _3Contributor biographical information
_uhttp://www.loc.gov/catdir/enhancements/fy1104/2005936003-b.html
856 4 2 _3Publisher description
_uhttp://www.loc.gov/catdir/enhancements/fy1104/2005936003-d.html
906 _a7
_bcbc
_corigcop
_d3
_eepcn
_f20
_gy-gencatlg
942 _2lcc
_cLL
999 _c6199
_d6199